Central Library OPAC University of Rajshahi

What is philosophy? / (Record no. 957)

MARC details
000 -LEADER
fixed length control field 00802cam a2200253 a 4500
001 - CONTROL NUMBER
control field 957
003 - CONTROL NUMBER IDENTIFIER
rucl marc code BD-RjUL
005 - DATE AND TIME OF LATEST TRANSACTION
control field 20211208233245.0
008 - FIXED-LENGTH DATA ELEMENTS--GENERAL INFORMATION
fixed length control field 860506s19641960nyu 000 0 eng d
020 ## - INTERNATIONAL STANDARD BOOK NUMBER
International Standard Book Number 0393001261
035 ## - SYSTEM CONTROL NUMBER
System control number (BD-RjUL)979
040 ## - CATALOGING SOURCE
Original cataloging agency AIN
Transcribing agency AIN
Modifying agency OCL
-- ORZ
-- BOS
-- BD-RjUL
Language of cataloging eng
041 1# - LANGUAGE CODE
Language code of text/sound track or separate title eng
Language code of original spa
082 10 - DEWEY DECIMAL CLASSIFICATION NUMBER
Edition number 16
Classification number 100
Author mark and year GAW 1964
090 ## - LOCALLY ASSIGNED LC-TYPE CALL NUMBER (OCLC); LOCAL CALL NUMBER (OCLC)
Classification number (OCLC) (R) ; Classification number, CALL (RLIN) (NR) B4568.O73
Local cutter number (OCLC) ; Book number/undivided call number, CALL (RLIN) Q4313 1964
100 1# - MAIN ENTRY--PERSONAL NAME
Personal name Gasset, Jose,Ortega y
Dates associated with a name 1883-1955.
9 (RLIN) 2833
245 10 - TITLE STATEMENT
Title What is philosophy? /
Remainder of title Jose Ortega y Gasset .
Statement of responsibility, etc. José Ortega Y Gasset; translated from the Spanish by Mildred Adams.
260 ## - PUBLICATION, DISTRIBUTION, ETC. (IMPRINT)
Place of publication, distribution, etc. New York :
Name of publisher, distributor, etc. Norton ,
Date of publication, distribution, etc. 1964.
300 ## - PHYSICAL DESCRIPTION
Pagination 252 p. ;
Size 20 cm.
490 0# - SERIES STATEMENT
Series statement The Norton library ;
Volume/sequential designation N126.
500 ## - GENERAL NOTE
General note Lectures given in Madrid and Buenos Aires.
650 #0 - SUBJECT ADDED ENTRY--TOPICAL TERM
Topical term or geographic name as entry element Philosophy.
9 (RLIN) 2834
942 ## - ADDED ENTRY ELEMENTS (KOHA)
Source of classification or shelving scheme Dewey Decimal Classification
Koha item type Books
Holdings
Lost status Source of classification or shelving scheme Damaged status Not for loan Collection code Permanent Location Current Location Shelving location Date acquired Cost, normal purchase price Total Checkouts Full call number Date last seen Copy number Koha item type Source of acquisition
  Dewey Decimal Classification     Non-fiction Central Library, University of Rajshahi Central Library, University of Rajshahi   15/06/1982 2.60   100 GAW 1964 24/11/2013 C-2 Books  
  Dewey Decimal Classification     Non-fiction Central Library, University of Rajshahi Central Library, University of Rajshahi   15/06/1982 2.60   100 GAW 1964 24/11/2013 C-4 Books Heffer
  Dewey Decimal Classification     Non-fiction Central Library, University of Rajshahi Central Library, University of Rajshahi   15/06/1982 2.60   100 GAW 1964 24/11/2013 C-3 Books  
  Dewey Decimal Classification   Not For Loan Non-fiction Central Library, University of Rajshahi Central Library, University of Rajshahi Reading Room 15/06/1982 2.60   100 GAW 1964 25/11/2013 C-1 Books Hefer